000 00581nam a2200169 i 4500
001 43372
003 ES-MaACL
005 20230906160759.0
007 t|
008 030317s1970 sp ||||1| spa d
110 2 _aCentro de Edafología y Biología Aplicada del Segura.
_92609
245 1 0 _aCentro de Edafología y Biología Aplicada del Segura
_b: memoria 1969.
260 _aMurcia :
_b[s.n.,
_c1970]
300 _a26 t. en 1 v. :
_bil. ;
_c24 cm.
610 2 4 _aCentro de Edafología y Biología Aplicada del Segura-
_vMemorias.
_9170444
852 _aES-MaACL
_jC-44501
_bR.78379
999 _c43372
_d43372